Music Quiz

Random Music or Album Quiz

Steven Curtis Chapman Studio Albums Quiz Stats

 Plays Quiz not verified by Sporcle

Challenge
Share
Tweet
Embed
Score 0/19 Timer 05:00
0 Plays Today
Year Title % Correct
1992The Great Adventure
85.1%
1999Speechless
83.8%
2001Declaration
75.7%
1997Greatest Hits
66.2%
1994Heaven In The Real World
64.9%
1996Signs of Life
64.9%
2003All About Love
64.9%
2004All Things New
62.2%
2007This Moment
59.5%
1990For The Sake Of The Call
58.1%
Year Title % Correct
2009Beauty Will Rise
54.1%
1995Music of Christmas
50%
1989More To This Life
47.3%
1993The Live Adventure
44.6%
1987First Hand
41.9%
1988Real Life Conversations
37.8%
2005All I Really Want For Christmas
33.8%
2005The Abbey Road Sessions
12.2%
2006Now And Then
9.5%

You're not logged in!

Compare scores with friends on all Sporcle quizzes.
Join for Free
OR
Log In

You Might Also Like...

Show Comments

Extras

Top Quizzes Today


Score Distribution

Your Account Isn't Verified!

In order to create a playlist on Sporcle, you need to verify the email address you used during registration. Go to your Sporcle Settings to finish the process.

Report this User

Report this user for behavior that violates our Community Guidelines.

Details: